000 00295nam a22001337a 4500
008 181023b xxu||||| |||| 00| 0 eng d
020 _a9780495602217
041 _aeng
080 _27th
_a159.9
100 _a48
101 _aPSI
245 _aResearch Design
_cMitchell,M.L
942 _2udc
_cBK
999 _c50584
_d50584